Contemporary Nutrition (Record no. 54936)
[ view plain ]
| 000 -LEADER | |
|---|---|
| fixed length control field | 00293nam a22001337a 4500 |
| 008 - FIXED-LENGTH DATA ELEMENTS--GENERAL INFORMATION | |
| fixed length control field | 190926b ||||| |||| 00| 0 eng d |
| 041 ## - LANGUAGE CODE | |
| Language code of text/sound track or separate title | eng |
| 080 ## - UNIVERSAL DECIMAL CLASSIFICATION NUMBER | |
| Edition identifier | 3rd |
| Universal Decimal Classification number | 613.2 |
| 082 ## - DEWEY DECIMAL CLASSIFICATION NUMBER | |
| Classification number | 613.2 |
| 100 ## - Rafti | |
| Rafti | 10 |
| 101 ## - Shkurtesa | |
| Shkurtesa | NUT |
| 245 ## - TITLE STATEMENT | |
| Title | Contemporary Nutrition |
| Statement of responsibility, etc | Wardlaw,G.M |
| 942 ## - ADDED ENTRY ELEMENTS (KOHA) | |
| Source of classification or shelving scheme | |
| Item type | Books |
| Withdrawn status | Lost status | Source of classification or shelving scheme | Damaged status | Not for loan | Collection code | Permanent location | Current location | Shelving location | Date acquired | Total Checkouts | Full call number | Barcode | Date last seen | Price effective from | Koha item type |
|---|---|---|---|---|---|---|---|---|---|---|---|---|---|---|---|
| Koleksioni i përgjithshem | UBT - Peja | UBT - Peja | Koleksioni i përgjithshem | 09/26/2019 | 613.2 WAR | 002-3028024 | 09/26/2019 | 09/26/2019 | Books | ||||||
| Koleksioni i përgjithshem | UBT - Peja | UBT - Peja | Koleksioni i përgjithshem | 09/26/2019 | 613.2 WAR | 002-3020243 | 09/26/2019 | 09/26/2019 | Books | ||||||
| Koleksioni i përgjithshem | UBT - Peja | UBT - Peja | Koleksioni i përgjithshem | 09/26/2019 | 613.2 WAR | 002-3020238 | 09/26/2019 | 09/26/2019 | Books | ||||||
| Koleksioni i përgjithshem | UBT - Peja | UBT - Peja | Koleksioni i përgjithshem | 09/26/2019 | 613.2 WAR | 002-3020233 | 09/26/2019 | 09/26/2019 | Books | ||||||
| Koleksioni i përgjithshem | UBT - Peja | UBT - Peja | Koleksioni i përgjithshem | 09/26/2019 | 613.2 WAR | 002-3020228 | 09/26/2019 | 09/26/2019 | Books |